Somewhere in the Middle (Just For Fun) Quiz Stats

 Plays Quiz Updated Jan 24, 2018

Challenge
Share
Tweet
Embed
Score 0/20 Timer 01:30
7 Plays Today
% Correct
Too
95.3%
Makes
95.2%
Over
94.2%
Pigs
94%
Goose
94%
My
93.9%
Hair
93.7%
Nine
92.7%
Smith
92.2%
Pete's
91.8%
% Correct
Upper
91.7%
Up
90.4%
Cloud
90.2%
Eat
89%
With
88%
Loves
85.1%
Your
84.2%
Holds
83.6%
Egg
81.2%
Plate
78%

You're not logged in!

Compare scores with friends on all Sporcle quizzes.
OR
Log In

You Might Also Like...

Show Comments

Extras

Top Quizzes Today


Score Distribution

Your Account Isn't Verified!

In order to create a playlist on Sporcle, you need to verify the email address you used during registration. Go to your Sporcle Settings to finish the process.

Report this User

Report this user for behavior that violates our Community Guidelines.

Details: